000 00512nam a2200193Ia 4500
005 20250326143034.0
008 250326s9999 xx 000 0 und d
037 _aTextbook
040 _aFMSL
_beng
_cFMSL
041 _aeng
_2eng
084 _aX:51:f M4
_qFMSL
100 _aTull D S
245 0 _aMarketing research measurment and method
_cTull D S; Hawkins D I
250 _a3
260 _a.
_b., Macmillan
_c1984
300 _a791p
942 _cTB
_hX:51:f M4
999 _c1297829
_d1297829